Practical guidance for tourism management in historic towns : making the connection (Record no. 100582)

MARC details
000 -LEADER
fixed length control field 00841cam a2200277 4500
001 - CONTROL NUMBER
control field J106574
008 - FIXED-LENGTH DATA ELEMENTS--GENERAL INFORMATION
fixed length control field 000000n1999 000 0 eng u
035 ## - SYSTEM CONTROL NUMBER
System control number (Sirsi) u106574
050 ## - LIBRARY OF CONGRESS CALL NUMBER
Classification number 711.558
110 ## - MAIN ENTRY--CORPORATE NAME
Corporate name or jurisdiction name as entry element Oxford Brookes University
9 (RLIN) 281
245 ## - TITLE STATEMENT
Title Practical guidance for tourism management in historic towns : making the connection
260 ## - PUBLICATION, DISTRIBUTION, ETC.
Name of publisher, distributor, etc. Oxford Brookes University
Date of publication, distribution, etc. 1999
300 ## - PHYSICAL DESCRIPTION
Extent 69p. ; 30cm.
490 ## - SERIES STATEMENT
Series statement Working Paper
Volume/sequential designation No. 183
520 ## - SUMMARY, ETC.
Summary, etc. Conference proceedings held at St. Catherine's college, Oxford 9th July 1999
650 ## - SUBJECT ADDED ENTRY--TOPICAL TERM
Topical term or geographic name entry element TOURISM
650 ## - SUBJECT ADDED ENTRY--TOPICAL TERM
Topical term or geographic name entry element TOURIST ATTRACTIONS
650 ## - SUBJECT ADDED ENTRY--TOPICAL TERM
Topical term or geographic name entry element TRAFFIC
650 ## - SUBJECT ADDED ENTRY--TOPICAL TERM
Topical term or geographic name entry element CONSERVATION
650 ## - SUBJECT ADDED ENTRY--TOPICAL TERM
Topical term or geographic name entry element HISTORIC TOWNS
650 ## - SUBJECT ADDED ENTRY--TOPICAL TERM
Topical term or geographic name entry element HISTORIC CITIES
690 ## - LOCAL SUBJECT ADDED ENTRY--TOPICAL TERM (OCLC, RLIN)
Topical term or geographic name as entry element LEISURE AND RECREATION
700 ## - ADDED ENTRY--PERSONAL NAME
Personal name BreakelhMike
International Standard Serial Number Editor
700 ## - ADDED ENTRY--PERSONAL NAME
Personal name Human, Brian
942 ## - ADDED ENTRY ELEMENTS (KOHA)
Suppress in OPAC 0
Holdings
Withdrawn status Lost status Source of classification or shelving scheme Damaged status Not for loan Home library Current library Shelving location Date acquired Cost, normal purchase price Total Checkouts Full call number Barcode Date last seen Copy number Cost, replacement price Price effective from Koha item type
    Dewey Decimal Classification     London London Folio 20/06/2000 6.00   F711.558 OXF 30061646 06/08/2019 1 6.00 06/08/2019 Book